000 00590pab a2200193 454500
008 180718b2008 xxu||||| |||| 00| 0 eng d
100 _aUba, Katrim
245 _aLabor union resistance to economic liberalization in India: what can national and state level patterns of protests against privatization tell us?
260 _c2008
300 _ap.860-84.
362 _aSep-Oct
650 _aLiberalization - India
650 _aEconomic liberalization - India
650 _aTrade unions - India
650 _aTrade unions
773 _aAsian Survey
908 _aN
909 _a80638
999 _c80638
_d80638